MARC

LEADER 00000nam0a2200000 4500
001 264701
005 20231101233845.0
010 |a 5110002045 
035 |a (RuTPU)RU\TPU\book\287698 
090 |a 264701 
100 |a 20140620d1988 m y0rusy50 ca 
101 0 |a rus 
102 |a UA 
105 |a a j 001zy 
200 1 |a Автоматика радиоэлектронных систем  |e учебное пособие для вузов  |f В. Б. Вагапов 
210 |a Киев  |c Выща школа  |d 1988 
215 |a 352 с.  |c ил. 
320 |a Библиогр.: с.347-348. 
320 |a Предметный указатель: с. 349-351. 
606 1 |a Радиоэлектронные системы  |2 stltpush  |3 (RuTPU)RU\TPU\subj\23559  |9 48133 
610 1 |a автоматика 
610 1 |a автоматические системы 
610 1 |a динамические системы 
610 1 |a математическое описание 
610 1 |a математические модели 
610 1 |a устойчивость 
610 1 |a качество 
610 1 |a процессы 
610 1 |a детерминированные воздействия 
610 1 |a оптимизация 
610 1 |a комплексирование 
610 1 |a установившиеся режимы 
610 1 |a учебные пособия 
675 |a 621.37/.39  |v 3 
700 1 |a Вагапов  |b В. Б.  |g Владимир Белалович 
801 1 |a RU  |b 63413507  |c 20140620 
801 2 |a RU  |b 63413507  |c 20150202  |g RCR 
942 |c BK